000 00255nam a2200097Ia 4500
001 717157
005 20250826162958.0
008 250824s9999 xx 000 0 und d
245 0 _aSOMUNCU BABA AŞKIN SIRRI
_cMAHMUT ULU
260 _bKARATAY AKADEMİ YAYINLARI
999 _c717157
_d717157